01327nam a22002057a 4500003000400000005001700004008004100021020001800062040001300080082001300093100002800106245007700134260004200211300003900253490001100292500068900303650006400992650004301056650002201099OSt20230828173858.0230828b ||||| |||| 00| 0 spa d a9788496546660 cCO-MqBPB aANbGRIr aGrisham, John, d1955-  aEl rey de los pleitos/ cJohn Grisham ; traducción Ma. Antonia Menini. aEspaña:bSello Zeta Bolsillo,c2005 a462 p. ; bTapa Rústica,c20 cm. a1a.ed. aPese a su juventud, Clay Carter se ha resignado a vivir como un gris abogado de oficio. De ahí su falta de entusiasmo al ocuparse de un caso: defender a un adolescente acusado de asesinato. Al indagar en el pasado de su cliente, Clay descubre, no obstante, que cuando éste cometió el crimen se hallaba bajo los efectos de un fármaco en fase de experimentación. El laboratorio creador del producto propone un turbio pacto al abogado. ¿Estará Clay dispuesto a jugar sucio? ¿Podrá vencer la tentación de convertirse en el nuevo rey de los pleitos? Grisham desvela el enorme poder de ciertos bufetes de abogados y analiza las consecuencias de una ambición desmesurada. a Novela estadounidense Abogados xProcesos, litigios, etc aNovela AbogadosxPrácticas corruptas a Novela Asesinato